LENOVO AFFAIR THE GROWTH OF CHINA S COMP (Record no. 4689)

MARC details
000 -LEADER
fixed length control field 00345nam a2200133Ia 4500
008 - FIXED-LENGTH DATA ELEMENTS--GENERAL INFORMATION
fixed length control field 240624s9999 xx 000 0 und d
041 ## - LANGUAGE CODE
Language code of text/sound track or separate title eng
082 ## - DEWEY DECIMAL CLASSIFICATION NUMBER
Classification number 338.7 ZHI
100 ## - MAIN ENTRY--PERSONAL NAME
Personal name ZHIJUN LING
245 ## - TITLE STATEMENT
Title LENOVO AFFAIR THE GROWTH OF CHINA S COMP
260 ## - PUBLICATION, DISTRIBUTION, ETC.
Date of publication, distribution, etc. 2005
Place of publication, distribution, etc. Singapore
Name of publisher, distributor, etc. John Wiley & Sons
300 ## - PHYSICAL DESCRIPTION
Extent 375 : p. : cm. ; 23
365 ## - TRADE PRICE
Currency code
Price amount 27
Holdings
Withdrawn status Lost status Damaged status Not for loan Home library Current library Shelving location Date acquired Source of acquisition Cost, normal purchase price Total Holds Full call number Barcode Date last seen Copy number Price effective from Koha item type
        IMTN IMTN Rack 13-A 03/05/2007 IBH 24.95 576 338.7 ZHI 4689 06/24/2024 44.28 06/24/2024 Books
Designed & Maintained by: LRC IMT Nagpur Contact: lrc@imtnag.ac.in© 2024. All Rights Reserved.